<?xml version="1.0" encoding="UTF-8"?>
<record
    xmlns:xsi="http://www.w3.org/2001/XMLSchema-instance"
    xsi:schemaLocation="http://www.loc.gov/MARC21/slim http://www.loc.gov/standards/marcxml/schema/MARC21slim.xsd"
    xmlns="http://www.loc.gov/MARC21/slim">

  <leader>02198agaaa2200337   4500</leader>
  <controlfield tag="001">4807</controlfield>
  <controlfield tag="003">IT-RoPAU</controlfield>
  <controlfield tag="005">20220918181239.0</controlfield>
  <controlfield tag="007">d cvaizq</controlfield>
  <controlfield tag="008">50131s9999||||xx ||| |     ||   ||und||</controlfield>
  <datafield tag="040" ind1=" " ind2=" ">
    <subfield code="a">IT-RoPAU</subfield>
    <subfield code="c">IT-RoPAU</subfield>
  </datafield>
  <datafield tag="041" ind1=" " ind2=" ">
    <subfield code="a">ITALIANO</subfield>
  </datafield>
  <datafield tag="100" ind1=" " ind2=" ">
    <subfield code="a">Kubrick Stanley</subfield>
    <subfield code="g">Codice regista SPICS: 1549</subfield>
    <subfield code="9">44460</subfield>
  </datafield>
  <datafield tag="130" ind1=" " ind2=" ">
    <subfield code="a">FULL METAL JACKET</subfield>
    <subfield code="9">44461</subfield>
  </datafield>
  <datafield tag="240" ind1=" " ind2=" ">
    <subfield code="a">FULL METAL JACKET</subfield>
    <subfield code="g">T3437</subfield>
  </datafield>
  <datafield tag="245" ind1=" " ind2=" ">
    <subfield code="a">FULL METAL JACKET</subfield>
    <subfield code="c">Prodotto da: Kubrick S. Hobbs P. -- Sceneggiatura: Kubrick Stanley Herr Michael Hasford Gustav -- Diretto da: Kubrick Stanley</subfield>
    <subfield code="p">FULL METAL JACKET (Rif. Codice opera principale : H4807)</subfield>
  </datafield>
  <datafield tag="246" ind1=" " ind2=" ">
    <subfield code="a">FULL METAL JACKET</subfield>
  </datafield>
  <datafield tag="250" ind1=" " ind2=" ">
    <subfield code="a">Edizione Standard</subfield>
  </datafield>
  <datafield tag="260" ind1=" " ind2=" ">
    <subfield code="a">(USA)</subfield>
    <subfield code="b">NATANT - WARNER BROS / Distribuzione: MEC</subfield>
    <subfield code="g">"2004 (1&#xB0; ed.: 2004 ; Ed. Lingua Orig.: 1987)"</subfield>
  </datafield>
  <datafield tag="300" ind1=" " ind2=" ">
    <subfield code="a">DVD</subfield>
    <subfield code="b">sonoro, col.</subfield>
    <subfield code="c">112 minuti</subfield>
  </datafield>
  <datafield tag="508" ind1=" " ind2=" ">
    <subfield code="a">"Fotografia: Milsome Douglas; Montaggio: Hunter Martin; Musica: Mead Abigail; Sceneggiatura: Kubrick Stanley Herr Michael Hasford Gustav; Scenografia: Furst Anton; "</subfield>
  </datafield>
  <datafield tag="511" ind1=" " ind2=" ">
    <subfield code="a">"Modine Matthew; Baldwin Adam; D'Onofrio Vincent; Ermey Lee; Harewood Dorian; Howard A"</subfield>
  </datafield>
  <datafield tag="520" ind1=" " ind2=" ">
    <subfield code="a">UN GRUPPO DI MARINES AMERICANI, VENGONO PRECIPITATI NELL'IFERNO DI UN CAMPO DI ADDESTRAMENTO, FEROCEMENTE DOMINATO DA UNO SPIETATO ISTRUTTORE, CHE CONSIDERA I PRETESI EROI DEGLI SMIDOLLATI O QUALCOSA DI MENO, E PRESTO TRASFORMATI IN MACCHINE PER UCCIDERE. IL GRUPPO PARTE PER IL VIETNAM E SPERIMENTANELLA CRUDA OFFENSIVA DEL TET, CHE HA PER TEATRO LA CITTA' VIETNAMITA DI HUE, GLI ORRORI DI UNA GUERRA MICIDIALE PER ENTRAMBI GLI SCHIERAMENTI, DA CUI I SUPERSTITI NON USCIRANNO VINCITORI NE VINTI, MA DISUMANI E CINICI PROFESSIONISTI DI MORTE.FILM CONTRO LA GUERRA E SUL PROCESSO DI DISUMANIZZAZIONE CHE TRASFORMA UOMINI QUALUNQUE IN RODATI ASSASSINI.</subfield>
  </datafield>
  <datafield tag="538" ind1=" " ind2=" ">
    <subfield code="a">PAL, STEREO</subfield>
  </datafield>
  <datafield tag="546" ind1=" " ind2=" ">
    <subfield code="a">ITALIANO</subfield>
  </datafield>
  <datafield tag="650" ind1=" " ind2=" ">
    <subfield code="a">DRAMMA GUERRA</subfield>
    <subfield code="e">DVD-FILM [DVD]</subfield>
    <subfield code="x">Codice MATERIA SPICS: 9947</subfield>
    <subfield code="9">44462</subfield>
  </datafield>
  <datafield tag="700" ind1=" " ind2=" ">
    <subfield code="a">Hasford Gustav </subfield>
    <subfield code="e">(soggetto)</subfield>
    <subfield code="g">Codice Soggetto SPICS: 39009</subfield>
    <subfield code="9">44463</subfield>
  </datafield>
  <datafield tag="700" ind1=" " ind2=" ">
    <subfield code="a">Kubrick Stanley </subfield>
    <subfield code="e">(regista)</subfield>
    <subfield code="g">Codice regista SPICS: 1549</subfield>
    <subfield code="9">44464</subfield>
  </datafield>
  <datafield tag="700" ind1=" " ind2=" ">
    <subfield code="a">Mead Abigail</subfield>
    <subfield code="e">(musica)</subfield>
    <subfield code="g">Codice Musica SPICS: 23022</subfield>
    <subfield code="9">44465</subfield>
  </datafield>
  <datafield tag="942" ind1=" " ind2=" ">
    <subfield code="c">DV</subfield>
    <subfield code="2">ddc</subfield>
  </datafield>
  <datafield tag="999" ind1=" " ind2=" ">
    <subfield code="c">105983</subfield>
    <subfield code="d">105983</subfield>
  </datafield>
  <datafield tag="952" ind1=" " ind2=" ">
    <subfield code="0">0</subfield>
    <subfield code="1">0</subfield>
    <subfield code="4">0</subfield>
    <subfield code="6">H_4807_000000000000000</subfield>
    <subfield code="7">1</subfield>
    <subfield code="a">SPICS</subfield>
    <subfield code="b">SPICS</subfield>
    <subfield code="d">2015-01-31</subfield>
    <subfield code="l">0</subfield>
    <subfield code="o">H4807</subfield>
    <subfield code="r">2015-01-31 00:00:00</subfield>
    <subfield code="w">2015-01-31</subfield>
    <subfield code="y">DV</subfield>
    <subfield code="z">Progr. Ins.: 3167 / N.Vol.:1 / Copie: 1 / Pag.:0 / Copia rara: n.d. / date import: 1.2.2015 / By Epidotti, Trombetti, Vaglietti</subfield>
  </datafield>
</record>
